Sintezy geterocikličeskich sojedinenij. Vypusk XIII

Gespeichert in:
Bibliographische Detailangaben
Format: Buch
Veröffentlicht: Jerevan : AN Armjanskoj SSR, 1981
Tags: Tag hinzufügen
Keine Tags, Fügen Sie das erste Tag hinzu!

MARC

LEADER 00000nam a22000003a 4500
001 stu15740
005 20141122084340.6
008 ------s1981----xxr---------------------d
040 |a STU  |b slo 
041 0
044 |a xxr 
080 |a 547.7  |7 stu_us_auth*stu15545 
245 |a Sintezy geterocikličeskich sojedinenij. Vypusk XIII 
260 |a Jerevan :  |b AN Armjanskoj SSR,  |c 1981 
300 |a 63 s :  |b Lit.,index 
996 |b C81009  |c C*81009  |l CCIV  |s P  |a 0  |w stu15740_0001